| 000 | 005360000a22001810004500 | ||
|---|---|---|---|
| 020 | _a0-88344-561-1 | ||
| 041 | 0 | _aENG | |
| 082 | 0 | 4 | _aG 272.1 L623b |
| 100 | 1 | _aLesbaupin, Ivo | |
| 245 | 1 | 0 | _aBlessed are the persecuted : Christian life in the Roman Empire, A.D. 64-313 / Ivo Lesbaupin ; Robert R. Barr, Traductor |
| 260 | _aMaryknoll, N.Y., USA : Orbis | ||
| 300 | _aXIII, 98 Pag | ||
| 001 | 8469 | ||
| 942 | _cBK | ||
| 999 |
_c38616 _d38616 |
||
| 336 |
_atexto _btxt _2rdacontent |
||
| 337 |
_2rdamedia _asin mediación _bn |
||
| 338 |
_2rdacarrier _avolumen _bnc |
||